Les grands événements de 2005 - Statistiques

Statistiques générales
  • Ce quiz a été pris 13 fois
  • Le résultat moyen est 3 sur 15
Statistiques - réponses
Hint Extra Hint Réponse % Correct
Nadal remporte Roland Garros pour la 1ère fois France / Espagne 5 juin
58%
Entrée en vigueur du protocole de Kyoto 16 février
25%
1er vol de l'Airbus A380 France 24 avril
25%
Massacre d'Andijan Ouzbékistan 13 mai
17%
1ère mondiale d'une greffe de visage France 27 novembre
17%
Mort de Jacques Villeret France 28 janvier
17%
France et Pays-Bas refusent la constitution européenne Pays-Bas / France 29 mai
17%
Mort de Jean-Paul II Vatican 2 avril
17%
Séisme de magnitude 7.6 Pakistan 8 octobre
17%
La Corée-du-Nord possède l'arme nucléaire Corée-du-Nord 10 février
8%
Assassinat de l'ancien 1er ministre Rafic Hariri Liban 14 février
8%
Lancement de Dailymotion France 15 mars
8%
Election du pape Benoît XVI Vatican 19 avril
8%
Mort de Rainier III Monaco 6 avril
8%
Apparition de l'ouragan Katrina 23 août
0%
Aucun quiz correspondant
Distribution des résultats
% des personnes avec chaque résultat
Percentile par nombre de réponses
Votre historique - résultats
Vous n’avez pas pris ce quiz